LEADER 02047nam 2200613 a 450 001 9910456570103321 005 20200520144314.0 010 $a0-8018-9642-8 010 $a0-8018-8996-0 035 $a(CKB)2520000000007608 035 $a(EBL)3318395 035 $a(SSID)ssj0000341053 035 $a(PQKBManifestationID)11241910 035 $a(PQKBTitleCode)TC0000341053 035 $a(PQKBWorkID)10408092 035 $a(PQKB)11285824 035 $a(MiAaPQ)EBC3318395 035 $a(OCoLC)557675365 035 $a(MdBmJHUP)muse2719 035 $a(Au-PeEL)EBL3318395 035 $a(CaPaEBR)ebr10363062 035 $a(OCoLC)923193810 035 $a(EXLCZ)992520000000007608 100 $a20080214d2008 uy 0 101 0 $aeng 135 $aur|n|---||||| 181 $ctxt 182 $cc 183 $acr 200 14$aThe odes of Horace$b[electronic resource] /$ftranslated by Jeffrey H. Kaimowitz ; introduction by Ronnie Ancona 210 $aBaltimore, Md. $cJohns Hopkins University Press$d2008 215 $a1 online resource (208 p.) 225 1 $aJohns Hopkins new translations from antiquity 300 $aDescription based upon print version of record. 311 $a0-8018-8995-2 320 $aIncludes bibliographical references. 327 $a""Contents""; ""Preface""; ""Translator's Note""; ""Introduction""; ""The Odes of Horace""; ""Book I""; ""Book II""; ""Book III""; ""Book IV"" 410 0$aJohns Hopkins new translations from antiquity. 606 $aLaudatory poetry, Latin$vTranslations into English 606 $aVerse satire, Latin$vTranslations into English 607 $aRome$vPoetry 608 $aElectronic books. 615 0$aLaudatory poetry, Latin 615 0$aVerse satire, Latin 676 $a874/.01 700 $aHorace$075513 701 $aKaimowitz$b Jeffrey H$01056397 801 0$bMiAaPQ 801 1$bMiAaPQ 801 2$bMiAaPQ 906 $aBOOK 912 $a9910456570103321 996 $aThe odes of Horace$92490722 997 $aUNINA LEADER 02597nam 2200601Ia 450 001 9910777370703321 005 20230417222101.0 010 $a1-280-08444-8 010 $a9786610084449 010 $a1-4175-2451-0 010 $a92-4-068011-X 035 $a(CKB)1000000000000833 035 $a(EBL)284672 035 $a(OCoLC)181845528 035 $a(SSID)ssj0000109039 035 $a(PQKBManifestationID)11138071 035 $a(PQKBTitleCode)TC0000109039 035 $a(PQKBWorkID)10045116 035 $a(PQKB)10723319 035 $a(MiAaPQ)EBC284672 035 $a(Au-PeEL)EBL284672 035 $a(CaPaEBR)ebr10062389 035 $a(CaONFJC)MIL8444 035 $a(EXLCZ)991000000000000833 100 $a20040924d2003 mf 0 101 0 $aeng 135 $aur|n|---||||| 181 $ctxt$2rdacontent 182 $cc$2rdamedia 183 $acr$2rdacarrier 200 00$aBasic laboratory procedures in clinical bacteriology /$fJ. Vandepitte [et al.] 205 $aSecond edition. 210 1$aGeneva :$cWorld Health Organization,$d2003. 215 $a1 online resource (177 pages) $cillustrations 300 $aDescription based upon print version of record. 311 0 $a92-4-154545-3 320 $aIncludes bibliographical references and index. 327 $aContents; Preface; Introduction; Quality assurance in bacteriology; PART I: Bacteriological investigations; PART II: Essential media and reagents; Selected further reading; Index 330 $aThis manual is a practical guide, for use by laboratory workers in health centres and district hospitals, to the procedures to be followed in obtaining specimens, isolating and identifying bacteria, and assessing their resistance to antibiotics. It covers bacteriological investigation of blood, cerebrospinal fluid, urine, stool, sputum, pharyngeal and genital specimens, and purulent exudates. Particular attention is given to the need for quality control of all laboratory procedures. A list of media and reagents needed for the isolation and identification of the most common bacterial pathogens 606 $aDiagnostic bacteriology$vLaboratory manuals 606 $aMedical bacteriology 615 0$aDiagnostic bacteriology 615 0$aMedical bacteriology. 676 $a616.07/581 701 $aVandepitte$b J$01554169 712 02$aWorld Health Organization. 801 0$bMiAaPQ 801 1$bMiAaPQ 801 2$bMiAaPQ 906 $aBOOK 912 $a9910777370703321 996 $aBasic laboratory procedures in clinical bacteriology$93815244 997 $aUNINA